Some lacustrine Mollusca from the Faiyum depression : a study in variation /

محفوظ في:

المؤلف الرئيسي: Gardner, E. W. (مؤلف)

التنسيق: كتاب

اللغة: English

منشور في: Le Caire : Imprimerie de l'Institut français d'archéologie orientale, 1932.

سلاسل: Memoires de l'Institut d'Egypte ; 18.
MIE ; 18.

الموضوعات:

الوسوم: إضافة وسم

لا توجد وسوم, كن أول من يضع وسما على هذه التسجيلة!

رقم الطلب: DT43 .I625 v.18

LEADER 01037namaa2200289 4500
001 18854
003 OSt
005 20260317063907.0
008 130303s1932 ua abf b 000 0 eng d
010 |a 33001874 
040 |c ARCE Library 
043 |a f-ua--- 
050 4 |a DT43 .I625 v.18 
100 1 |a Gardner, E. W.,  |q (Elinor Wight),   |e author 
245 1 0 |a Some lacustrine Mollusca from the Faiyum depression :  |b a study in variation /  |c by Elinor W. Gardner. 
264 1 |a Le Caire :   |b Imprimerie de l'Institut français d'archéologie orientale,   |c 1932. 
300 |a xvi, 123 pages, 8 leaves of plates :   |b folded map, folded tables ;   |c 29 cm. 
490 1 |a Memoires de l'Institut d'Egypte ;   |v 18. 
490 1 |a MIE ;   |v 18. 
500 |a Each plate accompanied by guard sheet with descriptive letterpress. 
504 |a Bibliography : pages [115]-120. 
650 0 |a Mollusks  |z Egypt  |z Fayyūm. 
830 0 |a Memoires de l'Institut d'Egypte ;   |v 18. 
830 0 |a MIE ;   |v 18. 
901 |a reviewed 
942 |c BK  |2 lcc 
999 |c 15923  |d 15923